000 00375nam a2200169Ia 4500
100 _aDeo/Narsingh
650 _aSimulation
942 _cBK
366 _f27
654 _asystem simulation
245 _aSystem Simulation With Digital Computers
260 _bprentice hall
_c1979
082 _a4.2
_bDEO
300 _a200
546 _aENGLISH
_cComputers
999 _c26182
_d26182